00689cam a22002173a 45000010005000000030006000050050017000110080041000280400015000690420007000840500007000911000033000982450093001312600029002245060030002535160020002836530032003036530067003358300028004028560041004309415PGUSA20140828083211.0051201s2005||||xxu|||||s|||||000 1 eng d aPGUSAbeng adc 4aPZ1 aLeighton, Robert,d1859-193410aOlaf the Glorious :bA Story of the Viking Ageh[electronic resource] /cRobert Leighton bProject Gutenberg,c2005 aPublic domain in the USA. aElectronic text aVikings -- Juvenile fiction aOlav I Trygveson, King of Norway, 968-1000 -- Juvenile fiction 0aProject Gutenbergv941540uhttp://www.gutenberg.org/ebooks/9415